000 00579nam a22001577a 4500
003 OSt
005 20150915100608.0
008 150915b xxu||||| |||| 00| 0 eng d
040 _cRUA
082 _aAGR ITH 2002 B027 Or.1
100 _9487
_aITH, REAKSA.
245 _athe impact assessment of imp training activities on district trainers and farmer trainers (ការអារ​ ipm ទៅលើគ្រូបន្ហាត់ ipm ស្រុក និង​កសិករគ្រូ)
260 _aPhnom Penh
_bRUA
_c2002
300 _a47p.
_bill.
_c29cm.
942 _2ddc
_cAGR
999 _c467
_d467